Musicians who Played the Lilith Fair - Statistics

General Stats
  • This quiz has been taken 110 times
    33 since last reset
  • The average score is 13 of 26
Answer Stats
Artist % Correct
Sinéad O'Connor
93%
Lauryn Hill
83%
Tracy Chapman
83%
The Cardigans
77%
Sheryl Crow
70%
Lisa Loeb
63%
Bonnie Raitt
57%
Fiona Apple
57%
Meredith Brooks
57%
Missy Elliott
57%
Monica
57%
Suzanne Vega
57%
Paula Cole
50%
Dixie Chicks
47%
Erykah Badu
43%
Jewel
43%
Shawn Colvin
43%
The Pretenders
43%
Liz Phair
40%
Natalie Merchant
40%
Sarah McLachlan
37%
Indigo Girls
33%
Joan Osborne
33%
Queen Latifah
23%
Des'ree
17%
Tracy Bonham
17%
No matching quizzes found
Score Distribution
Percent of People with Each Score
Percentile by Number Answered
Your Score History
You have not taken this quiz since the last reset